LEADER 01299cam0-22004331i-450- 001 990000002980403321 005 20130326111757.0 035 $a000000298 035 $aFED01000000298 035 $a(Aleph)000000298FED01 035 $a000000298 100 $a20020821d1984----km-y0itay50------ba 101 0 $aita 102 $aIT 105 $aa-------001yy 200 1 $a<>fabbrica del software$eR & S, innovazione e organizzazione del lavoro postindustriale$fMario Bolognani, Eugenio Corti 210 $aMilano$cFrancoAngeli$d1984 215 $a204 p.$cill.$d22 cm 225 1 $a<>società industriale$hSez. 2$iSaggi$v10 610 0 $aElaboratori elettronici$aProgrammazione$aIndustria 676 $a658$v18$zita 700 1$aBolognani,$bMario 701 1$aCorti,$bEugenio 801 0$aIT$bUNINA$gREICAT$2UNIMARC 901 $aBK 912 $a990000002980403321 952 $aCOLLEZ. 727 (10)$b24516$fFSPBC 952 $aSE 090.03.12-$b4639$fDECSE 952 $a13 F 72 13$b33241$fFINBC 952 $a13 C 11 14$b137$fFINBC 952 $a10 P.T. 396$b556 DIS$fDINEL 952 $a04 250-124$bCI$fDINCH 952 $a10 P.T. 350$b445 DIS$fDINEL 959 $aFINBC 959 $aDINEL 959 $aDECSE 959 $aDINCH 959 $aFSPBC 997 $aUNINA LEADER 01484nam 2200409 450 001 000015326 005 20050718115600.0 010 $a0-387-90143-4 100 $a20030725d1975----km-y0itay0103----ba 101 0 $aeng 102 $aUS 200 1 $aOptimization problems$fL. Collatz, W. Wetterling$gtranslated by P. Wadsack 210 $aNew York [etc.]$cSpringer$d1975 215 $aIX, 356 p.$d25 cm. 225 2 $aApplied mathematical sciences$v17 410 0$12001$aApplied mathematical sciences 606 $aOttimizzazione matematica 676 $a519.7$v(21. ed.)$9Probabilità e matematica applicata. Programmazione 691 $a49-01$9Calculus of variations and optimal control; optimization. Instructional exposition 700 1$aCollatz,$bL.$0441746 701 1$aWetterling,$bW.$0441747 702 1$aWadsack,$bP. 801 0$aIT$bUniversità della Basilicata - B.I.A.$gRICA$2unimarc 912 $a000015326 996 $aOptimization problems$983405 997 $aUNIBAS BAS $aMONSCI BAS $aSCIENZE CAT $aEXT002$b01$c20030725$lBAS01$h1014 CAT $aEXT002$b01$c20030725$lBAS01$h1020 CAT $c20050601$lBAS01$h1755 CAT $abatch$b01$c20050718$lBAS01$h1052 CAT $c20050718$lBAS01$h1111 CAT $c20050718$lBAS01$h1141 CAT $c20050718$lBAS01$h1156 FMT Z30 -1$lBAS01$LBAS01$mBOOK$1BASA2$APolo Tecnico-Scientifico$2GEN$BCollezione generale$3MAT$663131$5S63131$820030725$f51$FRiservati